| 000 | 00385cam a2200157ua 4500 | ||
|---|---|---|---|
| 003 | OSt | ||
| 008 | 250506b |||||||| |||| 00| 0 eng d | ||
| 041 | _aeng | ||
| 082 |
_a624.154 _bALL/RE |
||
| 100 |
_aAllin, Russel V . _97463 |
||
| 245 | _aResistance of piles to penetration / | ||
| 250 | _a1 / | ||
| 260 |
_alondon : _bE&FN spon Ltd , _c1951. |
||
| 300 | _a123 ; . | ||
| 942 | _cBK | ||
| 999 |
_c5619 _d5619 |
||